Beton v architekture 20. veka /

Uložené v:
Podrobná bibliografia
Hlavný autor: Suzdaľceva, Aleksandra Jakovlevna
Médium: Kniha
Jazyk:Russian
Vydavateľské údaje: Moskva : Strojizdat, 1981
On-line prístup: Získať plný text
Tagy: Pridať tag
Žiadne tagy, Buďte prvý, kto otaguje tento záznam!

MARC

LEADER 00000nam a2200000 4500
003 SK-BrCVT
005 20220617210246.0
008 010303s1981 rur e ||||||rus d
035 |a CVTIDW0957728 
040 |b slo  |a CVTI SR 
041 0 |a rus 
044 |a rur 
080 |a 72.023:691.32  |2 UDC-MRF 
100 1 |a Suzdaľceva, Aleksandra Jakovlevna 
242 1 0 |a Betón v architektúre 20. storočia 
245 1 0 |a Beton v architekture 20. veka /  |c Aleksandra Jakovlevna Suzdaľceva 
260 |a Moskva :  |b Strojizdat,  |c 1981 
300 |a 207 s. 
910 |b A414933 
974 |f Knihy 
992 |a AMG 
999 |c 124003  |d 124003